Devinettes - Série 06 - Statistiques

Statistiques générales
  • Ce quiz a été pris 169 fois
  • Le résultat moyen est 5 sur 10
Statistiques - réponses
Définition Indice Solution % Correct
Monsieur et madame Aimare ont un fils. comment s'appelle t-il ? 4J Jean
97%
Monsieur et Madame Fréchi ont une fille. Comment s'appelle-t-elle ? 5S Sarah
78%
Mr et Mme Ochon ont un fils, comment s'appelle t' il ? 5P Paul
72%
Mr et Mme Cot ont un fils, comment s'appelle-t-il ? 5H Harry
67%
Mr et Mme Diot ont-une fille. Comment s'appelle-t-elle ? 5K Kelly
39%
Mr et Mme honnête ont une fille comment, s' appelle t'elle? 7C Camille
35%
Mr et Mme Age ont un fils, comment s'appelle t-il ? 4K Karl
35%
Mr et Mme Ajéclate ont une fille. Comment s'appelle t-elle ? 5L Laure
33%
Mr et Mme Sucre ont un fils, comment s'appelle-t-il ? 6J Justin
25%
Mr et MMe Lacouverturegratte ont une fille, comment s'appelle-t-elle ? 6S Sandra
22%
Aucun quiz correspondant
Distribution des résultats
% des personnes avec chaque résultat
Percentile par nombre de réponses
Votre historique - résultats
Vous n’avez pas pris ce quiz